Bleaching, Mercerising and Dyeing of Cotton Materials (Record no. 3747)
[ view plain ]
| 000 -LEADER | |
|---|---|
| fixed length control field | 00308nam a2200133Ia 4500 |
| 003 - CONTROL NUMBER IDENTIFIER | |
| control field | OSt |
| 008 - FIXED-LENGTH DATA ELEMENTS--GENERAL INFORMATION | |
| fixed length control field | 200926b ||||| |||| 00| 0 eng d |
| 100 ## - MAIN ENTRY--PERSONAL NAME | |
| Personal name | PRAYAG, R.S |
| 245 ## - TITLE STATEMENT | |
| Title | Bleaching, Mercerising and Dyeing of Cotton Materials |
| 250 ## - EDITION STATEMENT | |
| Edition statement | 4th |
| 260 ## - PUBLICATION, DISTRIBUTION, ETC. (IMPRINT) | |
| Name of publisher, distributor, etc | Mahajan |
| 300 ## - PHYSICAL DESCRIPTION | |
| Extent | 216 |
| 942 ## - ADDED ENTRY ELEMENTS (KOHA) | |
| Source of classification or shelving scheme | Dewey Decimal Classification |
| Koha item type | Text Books |
| Withdrawn status | Lost status | Source of classification or shelving scheme | Damaged status | Not for loan | Collection code | Home library | Current library | Date acquired | Source of acquisition | Cost, normal purchase price | Bill Number | Total Checkouts | Full call number | Acc. no. / Barcode | Date last seen | Bill Date | Koha item type | Date last borrowed |
|---|---|---|---|---|---|---|---|---|---|---|---|---|---|---|---|---|---|---|
| Dewey Decimal Classification | B.Tech(TE) | PIET C-LIBRARY | PIET C-LIBRARY | 31/03/2008 | Technical Book | 150.00 | TBS/4006 | 677.02825 PRB | 8801 | 04/12/2019 | 11/03/2008 | Text Books | ||||||
| Dewey Decimal Classification | B.Tech(TE) | PIET C-LIBRARY | PIET C-LIBRARY | 31/03/2008 | Technical Book | 150.00 | TBS/4006 | 677.02825 PRB | 8802 | 04/12/2019 | 11/03/2008 | Text Books | ||||||
| Dewey Decimal Classification | B.Tech(TE) | PIET C-LIBRARY | PIET C-LIBRARY | 31/03/2008 | Technical Book | 150.00 | TBS/4006 | 4 | 677.02825 PRB | 8803 | 21/09/2024 | 11/03/2008 | Text Books | 20/09/2024 | ||||
| Dewey Decimal Classification | B.Tech(TE) | PIET C-LIBRARY | PIET C-LIBRARY | 31/03/2008 | Technical Book | 150.00 | TBS/4006 | 677.02825 PRB | 8804 | 04/12/2019 | 11/03/2008 | Text Books | ||||||
| Dewey Decimal Classification | B.Tech(TE) | PIET C-LIBRARY | PIET C-LIBRARY | 31/03/2008 | Technical Book | 150.00 | TBS/4006 | 677.02825 PRB | 8805 | 04/12/2019 | 11/03/2008 | Text Books | ||||||
| Dewey Decimal Classification | B.Tech(TE) | PIET C-LIBRARY | PIET C-LIBRARY | 24/02/2009 | Indian International Text Book | 250.00 | 105 | 1 | 677.02824 PRB | 11034 | 22/03/2022 | 26/11/2008 | Text Books | 27/12/2021 | ||||
| Dewey Decimal Classification | B.Tech(TE) | PIET C-LIBRARY | PIET C-LIBRARY | 24/02/2009 | Indian International Text Book | 250.00 | 105 | 2 | 677.02824 PRB | 11035 | 16/03/2022 | 26/11/2008 | Text Books | 15/03/2022 | ||||
| Dewey Decimal Classification | B.Tech(TE) | PIET C-LIBRARY | PIET C-LIBRARY | 24/02/2009 | Indian International Text Book | 250.00 | 105 | 1 | 677.02824 PRB | 11036 | 22/03/2022 | 26/11/2008 | Text Books | 27/12/2021 | ||||
| Dewey Decimal Classification | B.Tech(TE) | PIET C-LIBRARY | PIET C-LIBRARY | 24/02/2009 | Indian International Text Book | 250.00 | 105 | 677.02824 PRB | 11037 | 04/12/2019 | 26/11/2008 | Text Books | ||||||
| Dewey Decimal Classification | B.Tech(TE) | PIET C-LIBRARY | PIET C-LIBRARY | 24/02/2009 | Indian International Text Book | 250.00 | 105 | 677.02824 PRB | 11038 | 04/12/2019 | 26/11/2008 | Text Books |